Welcome to WEB OPAC of MRSPTU Central Library

Concept of modern Physics (Record no. 4140)

MARC details
000 -LEADER
fixed length control field 00437nam a2200169Ia 4500
008 - FIXED-LENGTH DATA ELEMENTS--GENERAL INFORMATION
fixed length control field 230711s9999||||xx |||||||||||||| ||und||
020 ## - INTERNATIONAL STANDARD BOOK NUMBER
International Standard Book Number 978-93-513-4185-7
041 ## - LANGUAGE CODE
Language code of text/sound track or separate title ENG
082 ## - DEWEY DECIMAL CLASSIFICATION NUMBER
Classification number 539
Item number BE-M
100 ## - MAIN ENTRY--PERSONAL NAME
Personal name Beiser, Arthur
245 #0 - TITLE STATEMENT
Title Concept of modern Physics
250 ## - EDITION STATEMENT
Edition statement 7th Ed.
260 ## - PUBLICATION, DISTRIBUTION, ETC.
Date of publication, distribution, etc. 2016
Place of publication, distribution, etc. New Delhi
Name of publisher, distributor, etc. McGraw Hill Education(India) Private Limited
650 ## - SUBJECT ADDED ENTRY--TOPICAL TERM
Topical term or geographic name entry element Physics
700 ## - ADDED ENTRY--PERSONAL NAME
Personal name Mahajan,Shobhit
942 ## - ADDED ENTRY ELEMENTS (KOHA)
Koha item type Book
Holdings
Withdrawn status Lost status Damaged status Not for loan Collection Home library Current library Date acquired Total checkouts Full call number Barcode Date last seen Date last checked out Price effective from Koha item type Cost, normal purchase price Inventory number
          MRSPTU Central Library MRSPTU Central Library   1 539 BE-M 13887 04/28/2025 03/03/2025 08/17/2023 Book    
          MRSPTU Central Library MRSPTU Central Library     539 BE-M 13888 08/17/2023   08/17/2023 Book    
          MRSPTU Central Library MRSPTU Central Library     539 BE-M 13889 08/17/2023   08/17/2023 Book    
          MRSPTU Central Library MRSPTU Central Library     539 BE-M 13890 08/17/2023   08/17/2023 Book    
          MRSPTU Central Library MRSPTU Central Library     539 BE-M 13891 08/17/2023   08/17/2023 Book    
          MRSPTU Central Library MRSPTU Central Library     539 BE-M 34473 08/17/2023   08/17/2023 Book 660.00 KBD/2016-2017/959542808
          MRSPTU Central Library MRSPTU Central Library   1 539 BE-M 34474 04/28/2025 03/03/2025 08/17/2023 Book 660.00 KBD/2016-2017/959542808
          MRSPTU Central Library MRSPTU Central Library     539 BE-M 34475 08/17/2023   08/17/2023 Book 660.00 KBD/2016-2017/959542808
          MRSPTU Central Library MRSPTU Central Library   1 539 BE-M 34476 09/18/2023 08/30/2023 08/17/2023 Book 660.00 KBD/2016-2017/959542808
          MRSPTU Central Library MRSPTU Central Library     539 BE-M 34477 08/17/2023   08/17/2023 Book 660.00 KBD/2016-2017/959542808
          MRSPTU Central Library MRSPTU Central Library   1 539 BE-M 34478 11/04/2024 09/11/2024 08/17/2023 Book 660.00 KBD/2016-2017/959542808
          MRSPTU Central Library MRSPTU Central Library   1 539 BE-M 34479 06/11/2024 08/31/2023 08/17/2023 Book 660.00 KBD/2016-2017/959542808

Website Designed and Developed by MRSPTU Central Library Team

E-mail Id: librarian@mrsptu.ac.in